Význam pedagogiky v pomáhajících profesích
| Main Author: | |
|---|---|
| Format: | Book |
| Language: | Czech English Slovak Polish |
| PhysicalDescription: | 394 s. fotogr., grafy, mp., obr., sch., tab. 24 cm |
| Published: |
Karviná
Akademie J.A. Komenského Karviná
2014
|
| ISBN: | 9788090567801 |
| Subjects: |
MARC
| LEADER | 00000cam a2200000 a 4500 | ||
|---|---|---|---|
| 001 | vtls010630777 | ||
| 003 | SK-MaSNL | ||
| 005 | 20260301175055.0 | ||
| 008 | 240313s2014 xr dabof 000 0 cze | ||
| 015 | |a SNBZSA2015 | ||
| 020 | |a 9788090567801 |q (brož.) | ||
| 035 | |a C316321D-DDA6-4C22-8DB9-FBB01551C946 | ||
| 035 | |a urn:nbn:sk:snk-amkd1h | ||
| 035 | |a urn:nbn:sk:snk-am0089pe | ||
| 040 | |a SNK |b slo |c SNK |e AACR2 | ||
| 041 | 0 | |a cze |a eng |a slo |a pol | |
| 044 | |a xr |c CZ | ||
| 072 | 7 | |a 37 |x Výchova a vzdelávanie |2 konspekt | |
| 080 | |a 37.01 |2 2001 | ||
| 080 | |a 159.923.2 |2 2001 | ||
| 080 | |a 364-78 |2 2001 | ||
| 080 | |a (048.8:082) |2 2001 | ||
| 100 | 1 | |a Dawidziuk, Stanisław, |d 1935- |4 aut |9 548438 | |
| 245 | 1 | 0 | |a Význam pedagogiky v pomáhajících profesích |c Stanisław Dawidziuk |
| 260 | |a Karviná |b Akademie J.A. Komenského Karviná |c 2014 | ||
| 300 | |a 394 s. |b fotogr., grafy, mp., obr., sch., tab. |c 24 cm | ||
| 500 | |a Súbežné vydanie vo Varšave | ||
| 504 | |a Bibliogr. odkazy ; bibliogr.: s. 369-394 | ||
| 546 | |a Čiastoč. text pol., slov., eng. | ||
| 650 | 0 | 7 | |a pedagogika |2 SNKPH |9 955 |
| 650 | 0 | 7 | |a vývin osobnosti |2 SNKPH |9 22843 |
| 650 | 0 | 7 | |a sociálna práca |2 SNKPH |9 1550 |
| 650 | 0 | 7 | |a Pedagogics |2 SNKPHeng |9 265289 |
| 650 | 0 | 7 | |a Personality development |2 SNKPHeng |9 275896 |
| 650 | 0 | 7 | |a Social work |2 SNKPHeng |9 268197 |
| 655 | 7 | |a kolektívne monografie |2 SNKPH |9 249850 | |
| 655 | 7 | |a Collective monographs |2 SNKPHeng |9 125747 | |
| 919 | |a 978-80-905678-0-1 | ||
| 958 | |a ZS | ||
| 958 | |a CZ | ||
| 958 | |a NB | ||
| 958 | |a PL | ||
| 999 | |c 841613 |d 843543 | ||
| 952 | |a SNK |b SNK |y PREZ |7 0 |p 17A1119017 |o snkSC 161786 |i snk2014/23754 |8 2 |g 15.00 |0 0 |1 0 |4 0 |d 2014-10-27 |f 1 |l 0 |r 2025-08-25 00:00:00 |w 2026-02-24 | ||


